[Event "Canadian op 48th"]
[Site "Toronto"]
[Date "2011.07.09"]
[Round "1"]
[White "Bluvshtein, Mark"]
[Black "Austria, Federico"]
[Result "1-0"]
[WhiteElo "2634"]
[BlackElo "2105"]
[PlyCount "103"]
[EventDate "2011.07.09"]
[EventType "swiss"]
[EventRounds "9"]
[EventCountry "CAN"]
[SourceTitle "EXT 2022"]
[Source "ChessBase"]
[SourceDate "2021.10.06"]
[SourceVersion "1"]
[SourceVersionDate "2021.10.06"]
[SourceQuality "1"]

1. d4 d5 2. c4 c6 3. Nc3 e6 4. e3 Nf6 5. Nf3 Ne4 6. Bd3 f5 7. 0-0 Bd6 8. Ne2 0-0 9. c5 Bc7 10. b4 Rf6 11. Ne5 Rh6 12. f4 Nd7 13. Qe1 Ndf6 14. a4 Qe8 15. Rf3 Bd7 16. b5 Ng4 17. bxc6 bxc6 18. h3 Nxe5 19. fxe5 g5 20. Rb1 Rb8 21. Rxb8 Qxb8 22. Rf1 Qb3 23. Qd1 Qb8 24. Bd2 Qe8 25. Qe1 Rg6 26. Ba5 Bd8 27. Bxd8 Qxd8 28. Bxe4 dxe4 29. Qb4 Rg7 30. Ng3 Be8 31. Rb1 Re7 32. Qb8 Qxb8 33. Rxb8 Kg7 34. Kf2 Bg6 35. Nf1 Bh5 36. Nd2 Bd1 37. a5 Bc2 38. Nc4 Bd3 39. Nd6 h5 40. Rc8 Ba6 41. Rxc6 Bb7 42. Nxb7 Rxb7 43. Rxe6 Rb2+ 44. Kf1 Rb1+ 45. Ke2 Rb2+ 46. Kd1 Rxg2 47. c6 Rg1+ 48. Kc2 Rg2+ 49. Kb3 Rg1 50. d5 Rc1 51. d6 Rxc6 52. d7 1-0

[Event "Hamilton Winter op"]
[Site "Hamilton"]
[Date "2011.03.26"]
[Round "2"]
[White "Sapozhnikov, Roman"]
[Black "Austria, Federico"]
[Result "1-0"]
[WhiteElo "2462"]
[BlackElo "2115"]
[PlyCount "143"]
[EventDate "2011.03.26"]
[EventType "swiss"]
[EventRounds "6"]
[EventCountry "CAN"]
[SourceTitle "EXT 2022"]
[Source "ChessBase"]
[SourceDate "2021.10.06"]
[SourceVersion "1"]
[SourceVersionDate "2021.10.06"]
[SourceQuality "1"]

1. e4 d5 2. exd5 Nf6 3. d4 Nxd5 4. Nf3 Bg4 5. Be2 e6 6. 0-0 Bd6 7. c4 Nf4 8. Bxf4 Bxf4 9. h3 Bh5 10. d5 0-0 11. Nc3 Na6 12. dxe6 fxe6 13. Nd4 Bf7 14. Ne4 Qe7 15. Qb3 Rab8 16. Rad1 Bg6 17. Bf3 e5 18. Ne2 Bh6 19. N2c3 Qh4 20. Bg4 Rf4 21. g3 Rxg4 22. hxg4 Qxg4 23. c5+ Bf7 24. Qb5 Qh3 25. Qd7 Be6 26. Qe7 Bg4 27. Rd8+ Rxd8 28. Qxd8+ Kf7 29. Qh4 Qxh4 30. gxh4 Bf3 31. Re1 Ke6 32. a3 c6 33. b4 Nc7 34. Ng5+ Bxg5 35. hxg5 Kf5 36. Nd1 e4 37. Ne3+ Kxg5 38. Nc4 Nb5 39. a4 Nc3 40. Nd6 Kf4 41. Nxb7 g5 42. Nd6 g4 43. b5 cxb5 44. c6 Nxa4 45. c7 Nb6 46. c8Q Nxc8 47. Nxc8 a5 48. Ra1 a4 49. Na7 Be2 50. Nc6 h5 51. Ra3 Bd3 52. Nb4 Bc4 53. Nc2 Bb3 54. Nd4 Bd1 55. Nxb5 h4 56. Nc3 Bf3 57. Nd5+ Ke5 58. Ne3 g3 59. fxg3 hxg3 60. Rxa4 Kf4 61. Ra3 Be2 62. Ng2+ Kg4 63. Ne1 Bf3 64. Ra7 Kf4 65. Rg7 Bg4 66. Kg2 Bf3+ 67. Kh3 g2 68. Nxg2+ Bxg2+ 69. Kxg2 Ke3 70. Ra7 Ke2 71. Ra2+ Ke1 72. Kg3 1-0